शिक्षा का स्वरूप (Record no. 65364)

MARC details
000 -LEADER
fixed length control field 01094nam a22002297a 4500
005 - DATE AND TIME OF LATEST TRANSACTION
control field 2012042003313.0
008 - FIXED-LENGTH DATA ELEMENTS--GENERAL INFORMATION
fixed length control field 080929t xxu||||| |||| 00| 0 hin d
010 ## - LCCN (DPL NO)
LC control number
020 ## - INTERNATIONAL STANDARD BOOK NUMBER
International Standard Book Number 8174874577
Terms of availability 750.00
035 ## - SYSTEM CONTROL NUMBER
System control number B-242077
037 ## - SOURCE OF ACQUISITION
Source of stock number/acquisition राधा पब्लि./
040 ## - CATALOGING SOURCE
Original cataloging agency DPL
Language of cataloging HN
082 ## - DEWEY DECIMAL CLASSIFICATION NUMBER
Classification number 370.1
100 ## - MAIN ENTRY--PERSONAL NAME
Personal name रावत, ज्ञानेन्द्र
9 (RLIN) 45482
245 ## - TITLE STATEMENT
Title शिक्षा का स्वरूप
Statement of responsibility, etc ज्ञानेन्द्र रावत
260 ## - PUBLICATION, DISTRIBUTION, ETC. (IMPRINT)
Place of publication, distribution, etc नई दिल्ली
Name of publisher, distributor, etc राधा पब्लिकेशन्स
Date of publication, distribution, etc 2006
270 ## - ADDRESS
Address 4231/1,अंसारी रोड,दरियागंज
City नई दिल्ली
Postal code 110002
Telephone number 23247003, 23254306
300 ## - PHYSICAL DESCRIPTION
Extent XVI,398
Dimensions 22सेमी(सजिल्द)
942 ## - ADDED ENTRY ELEMENTS (KOHA)
Source of classification or shelving scheme Dewey Decimal Classification
Item type Hindi Books
Classification part 370.1
Call number suffix रावत
Holdings
Withdrawn status Lost status Source of classification or shelving scheme Damaged status Not for loan Collection code Home library Current library Date acquired Cost, normal purchase price Total Checkouts Total Renewals Full call number Barcode Date last seen Cost, replacement price Koha item type
    Dewey Decimal Classification     Non-fiction Sarojini Nagar Sarojini Nagar 20/04/2012 750.00 2 1 370.1 रावत B-242077 21/10/2018 750.00 Hindi Books

© Delhi Public Library
Hit Counter
free hit counter